|
|
|
|
| LEADER |
03896cam a2200949 i 4500 |
| 001 |
nkc20172944777 |
| 003 |
CZ PrNK |
| 005 |
20180906100856.0 |
| 007 |
ta |
| 008 |
171026s2017 xr c e 000 1acze d |
| 015 |
|
|
|a cnb002944777
|
| 020 |
|
|
|a 978-80-7485-132-2
|q (Barrister & Principal Publishing ;
|q vázáno)
|
| 020 |
|
|
|a 978-80-7364-066-8
|q (Barrister & Principal ;
|q vázáno) :
|c Kč 299,00
|
| 035 |
|
|
|a (OCoLC)1051232732
|
| 040 |
|
|
|a OSA001
|b cze
|d BOA001
|e rda
|
| 041 |
1 |
|
|a cze
|h ger
|
| 045 |
|
|
|a x2y1
|
| 072 |
|
7 |
|a 27
|x Křesťanství. Křesťanská církev všeobecně. Eklesiologie
|2 Konspekt
|9 5
|
| 072 |
|
7 |
|a 929
|x Biografie
|2 Konspekt
|9 8
|
| 080 |
|
|
|a 929
|2 MRF
|
| 080 |
|
|
|a 272-732.2-051
|2 MRF
|
| 080 |
|
|
|a 272-732.2-725.2
|2 MRF
|
| 080 |
|
|
|a 378.011.3-051
|2 MRF
|
| 080 |
|
|
|a 272-732.2
|2 MRF
|
| 080 |
|
|
|a 272
|2 MRF
|
| 080 |
|
|
|a 272-1/-9
|2 MRF
|
| 080 |
|
|
|a 27-7-028.79
|2 MRF
|
| 080 |
|
|
|a 272-1
|2 MRF
|
| 080 |
|
|
|a 27-285.4
|2 MRF
|
| 080 |
|
|
|a 27-662:3
|2 MRF
|
| 080 |
|
|
|a (047.53)
|2 MRF
|
| 080 |
|
|
|a (0:82-94)
|2 MRF
|
| 100 |
0 |
|
|a Benedikt
|b XVI.,
|c papež,
|d 1927-2022
|7 jn20000604572
|4 aut
|
| 240 |
1 |
0 |
|a Letzte Gespräche.
|l Česky
|
| 245 |
1 |
0 |
|a Poslední rozhovory s Peterem Seewaldem /
|c Joseph Ratzinger Benedikt XVI ; přeložil Ivo Lukáš
|
| 250 |
|
|
|a První vydání
|
| 264 |
|
1 |
|a Brno :
|b Barrister & Principal Publishing,
|c 2017
|
| 300 |
|
|
|a 254 stran :
|b portréty ;
|c 22 cm
|
| 336 |
|
|
|a text
|b txt
|2 rdacontent
|
| 337 |
|
|
|a bez média
|b n
|2 rdamedia
|
| 338 |
|
|
|a svazek
|b nc
|2 rdacarrier
|
| 500 |
|
|
|a Přeloženo z němčiny
|
| 500 |
|
|
|a Životopisná data
|
| 600 |
0 |
7 |
|a Benedikt
|b XVI.,
|c papež,
|d 1927-2022
|7 jn20000604572
|2 czenas
|
| 600 |
0 |
9 |
|a Benedict
|b XVI.,
|c Pope,
|d 1927-
|2 eczenas
|
| 610 |
2 |
7 |
|a Katolická církev
|7 kn20010710145
|2 czenas
|
| 648 |
|
7 |
|a 20.-21. století
|7 ch462155
|2 czenas
|
| 648 |
|
7 |
|a 21. století
|7 ch460559
|2 czenas
|
| 648 |
|
4 |
|a 1927-2017
|
| 650 |
0 |
7 |
|a papežové
|7 ph123939
|y 21. století
|2 czenas
|
| 650 |
0 |
7 |
|a kardinálové
|7 ph121465
|y 20.-21. století
|2 czenas
|
| 650 |
0 |
7 |
|a vysokoškolští učitelé
|7 ph127282
|y 20.-21. století
|2 czenas
|
| 650 |
0 |
7 |
|a papežství
|7 ph123941
|y 20.-21. století
|2 czenas
|
| 650 |
0 |
7 |
|a katolicismus
|7 ph121523
|y 20.-21. století
|2 czenas
|
| 650 |
0 |
7 |
|a učení katolické církve
|7 ph135482
|y 20.-21. století
|2 czenas
|
| 650 |
0 |
7 |
|a reforma církve
|7 ph281880
|y 20.-21. století
|2 czenas
|
| 650 |
0 |
7 |
|a katolická teologie
|7 ph114892
|y 20.-21. století
|2 czenas
|
| 650 |
0 |
7 |
|a křesťanské polemiky
|7 ph138482
|y 20.-21. století
|2 czenas
|
| 650 |
0 |
7 |
|a křesťanství a společnost
|7 ph138510
|y 20.-21. století
|2 czenas
|
| 650 |
0 |
9 |
|a popes
|y 21st century
|2 eczenas
|
| 650 |
0 |
9 |
|a cardinals
|y 20th-21st centuries
|2 eczenas
|
| 650 |
0 |
9 |
|a college teachers
|y 20th-21st centuries
|2 eczenas
|
| 650 |
0 |
9 |
|a papacy
|y 20th-21st centuries
|2 eczenas
|
| 650 |
0 |
9 |
|a Catholicism
|y 20th-21st centuries
|2 eczenas
|
| 650 |
0 |
9 |
|a Catholic doctrine
|y 20th-21st centuries
|2 eczenas
|
| 650 |
0 |
9 |
|a reform of the church
|y 20th-21st centuries
|2 eczenas
|
| 650 |
0 |
9 |
|a Catholic theology
|y 20th-21st centuries
|2 eczenas
|
| 650 |
0 |
9 |
|a Christian polemics
|y 20th-21st centuries
|2 eczenas
|
| 650 |
0 |
9 |
|a Christianity and civilization
|y 20th-21st centuries
|2 eczenas
|
| 655 |
|
7 |
|a rozhovory
|7 fd133303
|2 czenas
|
| 655 |
|
7 |
|a autobiografické vzpomínky
|7 fd131854
|2 czenas
|
| 655 |
|
9 |
|a interviews
|2 eczenas
|
| 655 |
|
9 |
|a autobiographical reminiscences
|2 eczenas
|
| 700 |
1 |
|
|a Seewald, Peter,
|d 1954-
|7 xx0012433
|4 aut
|
| 700 |
1 |
|
|a Lukáš, Ivo,
|d 1963-
|7 jn20010309482
|4 trl
|
| 910 |
2 |
|
|a BOA001
|b 2-1404.254
|
| 920 |
|
|
|a 000725057
|z OSA001
|
| 990 |
|
|
|a BK
|
| 995 |
|
|
|a 01
|
| 991 |
|
|
|b 201803
|c NOV
|
| 996 |
6 |
|
|b 2610736423
|c 2-1404.254
|l MZK
|r Sklad / do 1 hodiny
|n 0
|p p.v.
|w 001654674
|u 000010
|a 1
|e BOA001
|j MZK50
|s P
|
| 996 |
7 |
|
|b 2610736424
|c 2-1404.254
|l MZK
|r Sklad / do 1 hodiny
|n 5
|p p.v.
|w 001654674
|u 000020
|a 1
|e BOA001
|j MZK50
|s A
|